Biopiracy and the global quest for human organs /
Guardado en:
| Autor principal: | |
|---|---|
| Formato: | Texto |
| Materias: | |
| Etiquetas: |
Agregar Etiqueta
Sin Etiquetas, Sea el primero en etiquetar este registro!
|
MARC
| LEADER | 00000 a a2200000 04500 | ||
|---|---|---|---|
| 001 | 10055 | ||
| 003 | |||
| 040 | |||
| 100 | |a Scheper-Hughes, Nancy | ||
| 245 | |a Biopiracy and the global quest for human organs / |c Nancy Scheper-Hughes | ||
| 650 | |a BIOPODER | ||
| 650 | |a TRAFICO DE ORGANOS | ||
| 650 | |a CRIMEN ORGANIZADO | ||
| 650 | |a DESIGUALDAD SOCIAL | ||
| 650 | |a CAPITALISMO | ||
| 650 | |a BRASIL | ||
| 650 | |a SUDAFRICA | ||
| 650 | |a ESTADOS UNIDOS | ||
| 650 | |a ISRAEL | ||
| 773 | |g volumen 39, número 5; páginas 14-21 | ||
| 999 | |c 30717 |d 30717 | ||
